000 00868nam a2200265 i 4500
001 78406
003 ES-MaACL
005 20240228213519.0
007 t|
008 041014s1948 fr ||||1| fre d
080 _a94(460)"1516/1700"
080 _a94(4)"1517/1648"
100 1 _aHauser, Henri.
_962113
245 1 3 _aLa prépondérance espagnole (1559-1660) /
_cpar Henri Hauser.
250 _a3e éd.
260 _aParis :
_bPresses Universitaires de France,
_c1948.
300 _a592 p. ;
_c23 cm.
490 1 _aPeuples et civilisations ;
_v9
651 4 _aEspaña-
_xHistoria-
_y1516-1700, Casa de Austria
_98228
651 4 _aEuropa-
_xHistoria-
_y1517-1648.
_9148148
830 1 _aPeuples et civilisations ;
_v9
_9183588
852 _aES-MaACL
_jC-16614
852 _aES-MaACL
_jAND-978
_z- Biblioteca Juan Andrade
999 _c78406
_d78406